|
|
|
|
| LEADER |
00697cam a2200217 7i4500 |
| 001 |
0000072131 |
| 005 |
20090526090000.0 |
| 008 |
090526s2008 |
| 020 |
# |
0 |
|a 97801237086867
|
| 020 |
# |
0 |
|a 0123708680
|
| 090 |
0 |
0 |
|a HV 6769
|b .K6 2008
|
| 245 |
0 |
0 |
|a Fighting fraud :
|b how to establish and manage an anti-fraund program
|c Gerald L. Kovacich.
|
| 260 |
# |
# |
|a Amsterdam:
|b Elsevier,
|c 2008.
|
| 300 |
# |
# |
|a xxvii, 329 p.:
|b ill.;
|c 24 cm..
|
| 500 |
# |
# |
|a Includes index
|
| 650 |
0 |
0 |
|a Commercial crimes --
|x Investigation
|
| 650 |
0 |
0 |
|a Fraud --
|x Prevention
|
| 650 |
0 |
0 |
|a Fraud investigation
|
| 650 |
0 |
0 |
|a Commercial crimes
|
| 700 |
1 |
1 |
|a Kovacich, Gerald L.
|
| 999 |
|
|
|a 1100066544
|b Book
|c Open Shelf
|e KOLEKSI TERBUKA
|